000 00401nam a2200145Ia 4500
008 090122s9999 xx 000 0 und d
082 _b6670
_a891.463
100 _aसप्रे
_bमधुवंती
245 _aलोकलकांड
600 _aसप्रे
630 _aलोकलकांड
700 _aसप्रे
730 _aलोकलकांड
942 _cBOOK
999 _c30747
_d30747